Tramwaje w Poznaniu - Statystyki

Ogólne statystyki
  • Ten quiz został rozwiązany 206 razy
  • Średni wynik to 6 z 9
Statystyki odpowiedzi
Obrazkowy Odpowiedź % Poprawnych
Solaris Tramino
88%
Konstal 105Na
83%
Moderus Beta
80%
Moderus Gamma
80%
Moderus Alfa
79%
Moderus Gamma (dwukierunkowy)
79%
Siemens Combino
66%
Düwag GT8
50%
Tatra RT6
45%
Nie znaleziono quizów pasujących do podanych kryteriów
Rozkład punktacji
Procent ludzi z każdym wynikiem
Percentyl według liczby udzielonych odpowiedzi
Twoja historia wyników
Nie rozwiązałeś tego quizu